Trends in Pakistan's external policy, 1947-1971 : (Record no. 17540)

MARC details
000 -LEADER
fixed length control field 01075nam a2200313 a 4500
001 - CONTROL NUMBER
control field 3365037
003 - CONTROL NUMBER IDENTIFIER
control field BDDh-ASL
005 - DATE AND TIME OF LATEST TRANSACTION
control field 20231015025553.0
008 - FIXED-LENGTH DATA ELEMENTS--GENERAL INFORMATION
fixed length control field 161226s1985 bg b 001 0 eng |
010 ## - LIBRARY OF CONGRESS CONTROL NUMBER
LC control number 86901126
020 ## - INTERNATIONAL STANDARD BOOK NUMBER
Terms of availability Tk150.00 ($12.50 U.S.)
025 ## - OVERSEAS ACQUISITION NUMBER
Overseas acquisition number B E 4345
040 ## - CATALOGING SOURCE
Original cataloging agency DLC
Transcribing agency BDDh-ASL
Modifying agency BDDh-ASL
043 ## - GEOGRAPHIC AREA CODE
Geographic area code a-pk---
-- a-cc---
050 00 - LIBRARY OF CONGRESS CALL NUMBER
Classification number DS383.5.A2
Item number H36 1985
082 00 - DEWEY DECIMAL CLASSIFICATION NUMBER
Classification number 954.7
Item number HAT
100 1# - MAIN ENTRY--PERSONAL NAME
Personal name Haque, Azizul,
Dates associated with a name 1937-
9 (RLIN) 191
245 10 - TITLE STATEMENT
Title Trends in Pakistan's external policy, 1947-1971 :
Remainder of title with particular reference to People's China /
Statement of responsibility, etc. Azizul Haque.
260 ## - PUBLICATION, DISTRIBUTION, ETC.
Place of publication, distribution, etc. Dhaka :
Name of publisher, distributor, etc. Asiatic Society of Bangladesh,
Date of publication, distribution, etc. 1985.
300 ## - PHYSICAL DESCRIPTION
Extent xvi, 284 p. :
Dimensions 25 cm.
440 ## - SERIES STATEMENT/ADDED ENTRY--TITLE
Title Asiatic Society of Bangladesh publication;
9 (RLIN) 192
Volume/sequential designation no. 47
500 ## - GENERAL NOTE
General note Includes index.
504 ## - BIBLIOGRAPHY, ETC. NOTE
Bibliography, etc. note Bibliography: p. [269]-278.
651 #0 - SUBJECT ADDED ENTRY--GEOGRAPHIC NAME
Geographic name Pakistan
General subdivision Foreign relations.
9 (RLIN) 193
651 #0 - SUBJECT ADDED ENTRY--GEOGRAPHIC NAME
Geographic name Pakistan
General subdivision Foreign relations
Geographic subdivision China.
9 (RLIN) 194
651 #0 - SUBJECT ADDED ENTRY--GEOGRAPHIC NAME
Geographic name China
General subdivision Foreign relations
Geographic subdivision Pakistan.
9 (RLIN) 195
906 ## - LOCAL DATA ELEMENT F, LDF (RLIN)
a 7
b cbc
c orignew
d 3
e ncip
f 19
g y-gencatlg
942 ## - ADDED ENTRY ELEMENTS (KOHA)
Source of classification or shelving scheme Dewey Decimal Classification
Koha item type Books
Holdings
Withdrawn status Lost status Source of classification or shelving scheme Damaged status Not for loan Collection code Home library Current library Shelving location Date acquired Source of acquisition Serial Enumeration / chronology Total Checkouts Full call number Barcode Date last seen Copy number Price effective from Koha item type Public note
    Dewey Decimal Classification     Non-fiction Asiatic Society Library Asiatic Society Library General Stacks 12/26/2016 ASB Publications ASP-047   954.7 HAT 100246 12/26/2016 C-1 12/26/2016 Books RARE
    Dewey Decimal Classification     Non-fiction Asiatic Society Library Asiatic Society Library General Stacks 12/26/2016 ASB Publications ASP-047   954.7 HAT 100247 12/26/2016 C-2 12/26/2016 Books RARE
    Dewey Decimal Classification     Non-fiction Asiatic Society Library Asiatic Society Library General Stacks 12/26/2016 ASB Publications ASP-047   954.7 HAT 100248 12/26/2016 C-3 12/26/2016 Books RARE
    Dewey Decimal Classification     Non-fiction Asiatic Society Library Asiatic Society Library General Stacks 12/26/2016 ASB Publications ASP-047   954.7 HAT 100249 12/26/2016 C-4 12/26/2016 Books RARE
    Dewey Decimal Classification     Non-fiction Asiatic Society Library Asiatic Society Library General Stacks 12/26/2016 ASB Publications ASP-047   954.7 HAT 100250 12/26/2016 C-4 12/26/2016 Books RARE
    Dewey Decimal Classification     Non-fiction Asiatic Society Library Asiatic Society Library General Stacks 12/26/2016 ASB Publications ASP-047   954.7 HAT 100251 12/26/2016 C-6 12/26/2016 Books RARE
    Dewey Decimal Classification     Non-fiction Asiatic Society Library Asiatic Society Library General Stacks 12/26/2016 ASB Publications ASP-047   954.7 HAT 100252 12/26/2016 C-7 12/26/2016 Books RARE
    Dewey Decimal Classification     Non-fiction Asiatic Society Library Asiatic Society Library General Stacks 02/10/2021 ASB Publications ASP-047   954.7 HAT 105574 02/10/2021 C-8 02/10/2021 Books RARE
    Dewey Decimal Classification     Non-fiction Asiatic Society Library Asiatic Society Library General Stacks 02/10/2021 ASB Publications ASP-047   954.7 HAT 105575 02/10/2021 C-9 02/10/2021 Books RARE
    Dewey Decimal Classification     Non-fiction Asiatic Society Library Asiatic Society Library General Stacks 02/15/2021 ASB Publications ASP-047   954.7 HAT 105802 02/15/2021 C-10 02/15/2021 Books RARE
    Dewey Decimal Classification     Non-fiction Asiatic Society Library Asiatic Society Library General Stacks 02/15/2021 ASB Publications ASP-047   954.7 HAT 105803 02/15/2021 C-11 02/15/2021 Books RARE
    Dewey Decimal Classification     Non-fiction Asiatic Society Library Asiatic Society Library General Stacks 02/15/2021 ASB Publications ASP-047   954.7 HAT 105818 02/15/2021 C-12 02/15/2021 Books RARE
    Dewey Decimal Classification     Non-fiction Asiatic Society Library Asiatic Society Library Sirajul Islam Collection 07/16/2021 Donated by Professor Sirajul Islam, FRHS ASP-047   954.7 HAT 110209 07/16/2021 C-13 07/16/2021 Books Rare

Powered by Koha